00510nam a22001577a 450000500170000001000150001702000260003203500130005803700130007108200100008410000160009424501550011026000250026527000370029030000250032720160108144004.0 aENG-114385 a9788179980644c275.00 aEN-97917 bDBAD/PUB a658.1 aSudha, G.S. aOrganisational behaviour with cases and problems :cby G.S Sudhabas per the syllabus of BBA course of Rajasthan, Ajmer, Kota and other universities / aJaipurbMalik c2012 a337,Chaura RastabJaipure302003 axx,463p. c24cm(pbk)